MESTSKÁ KNIŽNICA GIRALTOVCE  - online katalóg 

Riešené testy z matematiky na prijímacie skúšky na stredné školy (Record no. 20514)

000 -NÁVESTIE
fixed length control field 00742nam a2200205 a 4500
008 - ÚDAJE S PEVNOU DĹŽKOU – VŠEOBECNÉ INFORMÁCIE
fixed length control field 981111s1998 d yxo r 0 slo c
020 ## - MEDZINÁRODNÉ ŠTANDARDNÉ ČÍSLO KNIHY (ISBN)
Medzinárodné štandardné číslo knihy (ISBN) 8008026820
Údaje o dostupnosti 0
040 ## - ZDROJ KATALOGIZÁCIE
Pôvodná katalogizujúca agentúra SNK
Jazyk katalogizácie slo
Prepisujúca agentúra SNK
Konvencie popisu AACR2
041 1# - KÓD JAZYKA
Kód jazyka textu/zvukovej stopy alebo samostatných nápisov slo
044 ## - KÓD KRAJINY VYDAVATEĽA/PRODUCENTA
Kód krajiny MARC xo
Kód krajiny ISO SK
080 ## - ČÍSLO MEDZINÁRODNÉHO DESATINNÉHO TRIEDENIA (MDT)
Číslo Medzinárodného desatinného triedenia (MDT) 372.851(079.1)
100 1# - OSOBNÉ MENÁ – VŠEOBECNÉ INFORMÁCIE
Osobné meno Ištoková, Anna
Kód roly aut
245 10 - NÁZOV
Názov Riešené testy z matematiky na prijímacie skúšky na stredné školy
Zvyšok názvu gymnáziá, obchodné akadémie, stredné priemyselné školy
Údaj o zodpovednosti atď. Anna Ištoková, Viera Marhefková
260 ## - VYDAVATEĽSKÉ ÚDAJE, DISTRIBÚCIA ATĎ.
Miesto publikovania, distribúcie atď. Bratislava
Názov vydavateľa, distibútora atď. Slovenské pedagogické nakladateľstvo
Dátum publikovania, distribúcie atď. 1998
300 ## - FYZICKÝ POPIS
Rozsah 260 s.
Ďalšie fyzické detaily sch.
Rozmery 21 cm
650 07 - PRIDANÝ VSTUP – PREDMET – TEMATICKÉ HESLO
Tematické heslo alebo geografický názov ako vstupný prvok matematika
Všeobecný pododdiel skúšky prijímacie
-- školy stredné
-- testy
Zdroj hesla alebo termínu SNK
700 1# - PRIDANÝ VSTUP – OSOBNÉ MENO
Osobné meno Marhefková, Viera
Kód roly aut
958 ## - Formálny deskriptor
Formálny deskriptor APP
958 ## - Formálny deskriptor
Formálny deskriptor APR
Holdings
Stav stiahnutia (Blokovanie) (Withrawn status) Stav straty Stav poškodenia (Damaged status) Nie pre výpožičky (Not for loan) Spôsob nadobudnutia (Collection code) Trvalé umiestnenie Aktuálne umiestnenie Dátum nadobudnutia Inventárne číslo (prírastkové číslo) Full call number Dátum posledného výskytu Cena s účinnosťou od Typ jednotky Koha
        Dar Mestská knižnica Giraltovce Mestská knižnica Giraltovce 2019-11-29 18 929 T 295 2019-11-29 2019-11-29 Odborná literatúra pre dospelých

Powered by Koha